000 00435ntaaa2200181 4500
003 01
005 20251027201826.0
008 0714s1973 ag 01
040 _aAR-BaBN
_bspa
_cAR-BaBN
_eaacr
_dRIC
082 _a244.0000 L94
100 _aLovdahl, John Leonard
_916735
245 _aSun in the street
250 _a1 ed.
260 _aChicago :
_bMoody Press,
_cc1947
300 _a264 p
500 _aNovela cristiana
942 _cBK
999 _c12938
_d12938